Slovenský jazyk cvičenia a diktáty na prijímacie skúšky na stredné školy

Bibliographic Details
Main Authors: Cesnaková, Eva (Author), Kodlová, Alžbeta (Author)
Format: Book
Language:Slovak
PhysicalDescription:151 s. 21 cm
Published: Bratislava Slovenské pedagogické nakladateľstvo 1998
ISBN:8008026952
Edition:2. vyd.
Subjects:

MARC

LEADER 00000nam a2200000 a 4500
001 vtls001323253
003 SK-MaSNL
005 20260301200247.0
008 240318s1998 xo r 0 0 slo
015 |a SNBA1998/06-02145 
020 |a 8008026952 
035 |a SNK000275942 
035 |a urn:nbn:sk:snk-amkhd7 
035 |a urn:nbn:sk:snk-am008gg7 
035 |a 0AB24221-E0A4-4539-821E-586C6D95A1AE 
040 |a SNK  |b slo  |c SNK  |e AACR2 
041 0 |a slo 
044 |a xo  |c SK 
100 1 |a Cesnaková, Eva  |4 aut  |9 7233 
245 1 0 |a Slovenský jazyk  |b cvičenia a diktáty na prijímacie skúšky na stredné školy  |c Eva Cesnaková, Alžbeta Kodlová 
250 |a 2. vyd. 
260 |a Bratislava  |b Slovenské pedagogické nakladateľstvo  |c 1998 
300 |a 151 s.  |c 21 cm 
650 0 7 |a slovenčina  |2 SNKPH  |9 1350 
650 0 7 |a prijímacie skúšky  |2 SNKPH  |9 1229 
650 0 7 |a stredné školy  |2 SNKPH  |9 1279 
655 7 |a príručky  |2 SNKPH  |9 74364 
700 1 |a Kodlová, Alžbeta  |4 aut  |9 11355 
919 |a 80-08-02695-2 
958 |a TL 
999 |c 889721  |d 891651 
952 |t P60, <04>, [BOOK], {604}  |a SNK  |b SNK  |y VYP  |7 0  |p 17A0130008  |o snkSC 95213 D1  |i snkKSP 3127/98  |0 0  |1 0  |4 0  |d 1998-03-23  |l 0  |r 2005-01-02 00:00:00  |w 2026-02-24 
952 |t P60, <03>, [BOOK], {603}  |a SNK  |b SNK  |y PREZ  |7 0  |p 17A0125211  |o snkSC 95213  |i snkKSP 2401/98  |0 0  |1 0  |4 0  |d 1998-03-06  |f 1  |l 0  |r 2025-09-12 00:00:00  |w 2026-02-24 
952 |t P60, <09>, [BOOK], {629}  |a SNK  |b SNK  |y NEVYP  |7 0  |o snkC 303  |i snk575/980324  |0 0  |1 0  |4 0  |d 1998-03-23  |l 0  |r 2005-01-02 00:00:00  |w 2026-02-24